| 000 | 00821nam a2200265 a 4500 | ||
|---|---|---|---|
| 001 | BRCA_4046 | ||
| 005 | 20190320204527.0 | ||
| 008 | 150210s1920----mx-a######---#000-0#spa-# | ||
| 041 | _aspa | ||
| 044 | _amx | ||
| 050 | 4 |
_aNA753.M4 _b.I35 2 1920 |
|
| 245 | 1 | 0 | _aIglesias y conventos de la Ciudad de México. |
| 260 |
_aMéxico _bUniversidad Nacional _c1920 |
||
| 300 |
_alxvii p. _bil., 97 láminas _c15 cm. |
||
| 440 | 0 |
_aMonografías mexicanas de arte _v3 _910499 |
|
| 500 | _aEjemplar igual a T5 | ||
| 500 | _aVer también B53 (ed. 1934) | ||
| 500 | _aC122 | ||
| 546 | _aTexto en: español, francés e inglés | ||
| 650 | 1 | 4 |
_aIglesias _zMéxico (Ciudad) _98139 |
| 650 | 1 | 4 |
_aArquitectura _zMéxico (Ciudad) _98140 |
| 650 | 1 | 4 |
_aConventos y monasterios _zMéxico (Ciudad) _98141 |
| 902 | _aGFM | ||
| 942 |
_2lcc _cB |
||
| 999 |
_c3770 _d3770 |
||